The Fewer Clues The Better - Literature Edition Quiz Stats

 Plays Quiz Updated Jul 15, 2015

Challenge
Share
Tweet
Embed
Score 0/56 Timer 10:00
3 Plays Today
Clue Question/Answer % Correct
Question A???
100%
Question B???
90.8%
Answer A???
84.5%
Question C???
83.8%
Question E???
75.4%
Question G???
74.3%
Question H???
73.5%
Answer H???
73.5%
Question D???
73.2%
Question F???
72.3%
Clue A1???
71.3%
Clue A4???
70.5%
Clue A5???
70.5%
Answer D???
68.8%
Answer G???
67.5%
Clue A3???
67%
Clue D5???
66.1%
Answer B???
65.6%
Clue B1???
64.9%
Clue A2???
63.5%
Clue G5???
61.9%
Clue H1???
61%
Answer F???
58.5%
Clue C1???
57.8%
Clue G4???
56.8%
Clue D1???
56.3%
Clue F1???
54.9%
Clue D4???
53.7%
Clue Question/Answer % Correct
Clue B5???
53.1%
Clue G1???
51.9%
Clue E1???
51.7%
Answer E???
51.3%
Clue D3???
44.4%
Clue E5???
43.8%
Answer C???
39.3%
Clue G3???
36.8%
Clue G2???
35.4%
Clue E4???
34.2%
Clue B4???
33.8%
Clue H5???
31.1%
Clue B3???
28.3%
Clue D2???
25.7%
Clue F5???
25.2%
Clue B2???
25%
Clue H4???
23.7%
Clue H3???
21.5%
Clue C5???
20.5%
Clue E3???
18.4%
Clue F4???
18.2%
Clue C4???
18.1%
Clue H2???
17.7%
Clue E2???
16.1%
Clue F3???
13.4%
Clue F2???
10.3%
Clue C3???
10.1%
Clue C2???
7.8%

You're not logged in!

Compare scores with friends on all Sporcle quizzes.
Join for Free
OR
Log In

You Might Also Like...

Show Comments

Extras

Top Quizzes Today


Score Distribution

Your Account Isn't Verified!

In order to create a playlist on Sporcle, you need to verify the email address you used during registration. Go to your Sporcle Settings to finish the process.

Report this User

Report this user for behavior that violates our Community Guidelines.

Details: